000 00394nam a2200157Ia 4500
008 221030s9999 xx 000 0 und d
020 _a8185749612
041 _aEnglish
082 _a105.23
_bGil
100 _aP. S. Gill
245 0 _aEngineering Graphics & Drafting
_cby P. S. Gill
260 _bS.K.Kataria & Sons
_aNew Delhi
_c2001
300 _a826
650 _aMechanical
942 _cBK
999 _c7641
_d7641